Programa para el estudio de la ciencia de la lójica en el colejio de nuestra señora del rosario, (Registro nro. 322528)
[ vista simple ]
| 000 -ENCABEZADO | |
|---|---|
| Número de control [NR] | 01383nam a22002537a 4500 |
| 005 - FECHA Y HORA DE LA ÚLTIMA TRANSACCIÓN | |
| control field | 20230411111848.0 |
| 008 - DE LONGITUD FIJA DE DATOS DE ELEMENTOS - INFORMACIÓN GENERAL | |
| Elementos de longitud fija [NR] | 230411s1875 ck ||||fr|||| 00| 0 spa d |
| 040 ## - FUENTE DE CATALOGACION [NR] | |
| Quien Cataloga | Sandra Yazo |
| Quien Clasifica | Sandra Yazo |
| 041 0# - CODIGO DE IDIOMA [R] | |
| Código de idioma para texto/pista de sonido o título separado [R] | Español |
| 082 04 - NUMERO DE CLASIFICACION DECIMAL DEWEY [R] | |
| Número de la edición [NR] | 160 |
| 092 ## - SIGNATURA TOPOGRAFICA LOCAL | |
| Número de clasificación local | E04N096 |
| 100 1# - ASIENTO PRINCIPAL--NOMBRE PERSONAL [NR] | |
| ID Autoridad | 96512 |
| Nombre personal [NR] | Rojas, Ezequiel |
| 242 ## - TRADUCCION DEL TITULO POR LA AGENCIA CATALOGADORA [R] | |
| Título [NR] | Programa para el estudio de la ciencia de la lógica en el colegio de nuestra señora del rosario |
| 245 10 - MENCION DE TITULO [NR] | |
| Título [NR] | Programa para el estudio de la ciencia de la lójica en el colejio de nuestra señora del rosario, |
| Mención de responsabilidad, etc. [NR] | formado por ... Ezequiel Rojas |
| 260 ## - PUBLICACION, DISTRIBUCION, ETC. (PIE DE IMPRENTA) [R] | |
| Lugar de publicación, distribución, etc. [R] | Bogotá (Colombia) |
| Nombre del editor, distribuidor, etc. [R] | Imprenta de Medardo Rivas |
| Fecha de publicación, distribución, etc. [R] | 1875 |
| 300 ## - DESCRIPCION FISICA [R] | |
| Extensión [R] | 36 páginas |
| Dimensiones [R] | 16 x 12 cm |
| 500 ## - NOTA GENERAL [R] | |
| Nota general [NR] | Detalles físicos: Encuadernación rígida (holandesa) lomo en tela y tapas de cartón forradas en papel. Guardas, la delantera rota, al verso datos de donación (DR. Avella XII - 9 - 80) Portada impresa en una sola tinta, con un adorno decorativo. Texto impreso en una sola columna. Papel manchado y oxidado. Al final notoria desgarradura de costura. Ejemplar en buen estado de conservación. |
| 505 0# - NOTA DE CONTENIDO CON FORMATO PREESTABLECIDO [R] | |
| Nota de contenido con formato preestablecido [NR] | Orden y forma de las ideas ; Expresión de las ideas |
| 506 ## - NOTA DE RESTRICCIONES DE ACCESO [R] | |
| Condiciones de acceso [NR] | Consulta en sala |
| 610 ## - ASIENTO SECUNDARIO DE MATERIA - NOMBRE CORPORATIVO [R] | |
| Nombre corporativo o nombre de la jurisdicción como elemento de entrada [NR] | Universidad Colegio Mayor de Nuestra Señora del Rosario |
| Subdivisión general [R] | Enseñanza |
| 9 (RLIN) | 177291 |
| 650 #7 - ASIENTO SECUNDARIO DE MATERIA - TERMINO TEMATICO [R] | |
| 9 (RLIN) | 18789 |
| Término temático o nombre geográfico como elemento de entrada [NR] | Lógica |
| 650 #7 - ASIENTO SECUNDARIO DE MATERIA - TERMINO TEMATICO [R] | |
| 9 (RLIN) | 18513 |
| Término temático o nombre geográfico como elemento de entrada [NR] | Libros de texto |
| 942 ## - ELEMENTOS DE ENTRADA AGREGADOS (KOHA) | |
| Sistema de clasificación | LOCAL |
| Tipo de ítem principal el descrito en 300a | Libro |
| Edición | 1 |
| Clasificación | E04N096 |
| Suprimido | Perdido | Sistema de clasificación | Dañado | No prestable | Tipo de ítem específico | Ubicación habitual | Ubicación actual | Localización | Fecha de creación | Forma de adquisición | Total préstamos | Signatura topográfica | Código de barras | Última vez visto | Ejemplar | Price effective from | Tipo de ítem | Nota pública (OPAC) |
|---|---|---|---|---|---|---|---|---|---|---|---|---|---|---|---|---|---|---|
| Libro archivo | Archivo Histórico | Archivo Histórico | Archivo histórico | 11/04/2023 | Donación | E04N096 | L010767 | 11/04/2023 | Ej.1 | 11/04/2023 | Libro | Vitrina 01 |